Emeril's new New Orleans cooking /

Bibliographic Details
Main Author: Lagasse, Emeril
Other Authors: Tirsch, Jessie
Format: Book
Language:English
Published: New York : Wm. Morrow, [1993]
Edition:1st ed.
Subjects:

MARC

Tag First Indicator Second Indicator Subfields
LEADER 00000cam a2200000 a 4500
001 in00001620175
005 20190207100123.0
008 920930s1993 nyua 001 0 eng
010 |a  92033497  
020 |a 0688112846 (acid-free paper) :  |c $22.00 FPT 
035 |a (OCoLC)ocm26806786 
040 |a DLC  |c DLC  |d TXA  |d UtOrBLW 
043 |a n-us-la 
049 |a TXAM 
050 0 0 |a TX715.2.L68  |b L34 1993 
082 0 0 |a 641.59763  |2 20 
100 1 |a Lagasse, Emeril. 
245 1 0 |a Emeril's new New Orleans cooking /  |c Emeril Lagasse and Jessie Tirsch ; photographs by Brian Smale. 
246 3 0 |a New New Orleans cooking 
250 |a 1st ed. 
264 1 |a New York :  |b Wm. Morrow,  |c [1993] 
264 4 |c ©1993 
300 |a xiii, 354 pages :  |b illustrations ;  |c 27 cm. 
336 |a text  |b txt  |2 rdacontent 
337 |a unmediated  |b n  |2 rdamedia 
338 |a volume  |b nc  |2 rdacarrier 
500 |a The Cushing Library/Chapman Texas Collection copy is part of the Floyd & Louise Chapman Texas & Borderlands Collection.  |5 TXA 
500 |a Includes index. 
650 0 |a Cooking, American  |x Louisiana style. 
650 0 |a Cooking  |z Louisiana  |z New Orleans. 
700 1 |a Tirsch, Jessie. 
994 |a E0  |b TXA 
948 |a cataloged  |b h  |c 2001/6/11  |d c  |e mzajicek  |f 2:22:44 pm 
999 |a MARS 
999 f f |s ee018a95-3513-3d77-b18c-0a0286367ca0  |i aba2df05-6418-3630-8fe7-0d9e3b71a821  |t 0 
952 f f |p noncirc  |a Texas A&M University  |b College Station  |c Cushing Memorial Library & Archives  |d Cushing: Chapman Texas Collection (Does not check out)  |t 0  |e TX715.2.L68 L34 1993  |h Library of Congress classification  |i unmediated -- volume 
998 f f |a TX715.2.L68 L34 1993  |t 0  |l Cushing: Chapman Texas Collection (Does not check out)